[Event "interzonal (w)"]
[Site "Subotica YUG"]
[Date "1991.??.??"]
[Round "5"]
[White "Maksimovic, Suzana"]
[Black "Markovic-Jovanovic, Gordana"]
[Result "1/2-1/2"]
[WhiteElo "2290"]
[BlackElo "2260"]
[EventDate "1991.11.??"]
[PlyCount "40"]

1.d4 d5 2.c4 c6 3.Nc3 e5 4.e3 e4 5.cxd5 cxd5 6.Qb3 Nf6 7.Bd2 Nc6 8.Nh3 Bb4
9.Nf4 Bxc3 10.bxc3 O-O 11.Be2 Na5 12.Qb4 Bd7 13.Qd6 Ba4 14.Qxd8 Rfxd8 15.
Nxd5 Nxd5 16.c4 Nxc4 17.Bxc4 Rac8 18.Bxd5 Rxd5 19.O-O Rd7 20.Rfc1 Rdc7 
1/2-1/2

[Event "interzonal (w)"]
[Site "Subotica YUG"]
[Date "1991.??.??"]
[Round "5"]
[White "Basagic, Vesna"]
[Black "Chelushkina, Irina"]
[Result "1/2-1/2"]
[WhiteElo "2305"]
[BlackElo "2305"]
[EventDate "1991.11.??"]
[PlyCount "70"]

1.d4 d5 2.c4 e6 3.Nc3 c5 4.cxd5 exd5 5.Nf3 Nc6 6.g3 Nf6 7.Bg2 Be7 8.O-O 
O-O 9.Bg5 c4 10.Ne5 Be6 11.Rc1 h6 12.Bxf6 Bxf6 13.Nxc6 bxc6 14.e3 Be7 15.
b3 Ba3 16.Rc2 Bf5 17.e4 dxe4 18.bxc4 Re8 19.g4 Bg6 20.Re2 h5 21.Nxe4 hxg4 
22.c5 Bb2 23.Rfe1 Bxe4 24.Bxe4 Qxd4 25.Qxd4 Bxd4 26.Bxc6 Rxe2 27.Rxe2 Rc8 
28.Re8+ Rxe8 29.Bxe8 g6 30.c6 Be5 31.Kg2 Kf8 32.Bd7 f5 33.h3 gxh3+ 34.Kxh3
Ke7 35.f3 Kd6 1/2-1/2

[Event "interzonal (w)"]
[Site "Subotica YUG"]
[Date "1991.??.??"]
[Round "5"]
[White "Voiska, Margarita"]
[Black "Veroci-Petronic, Zsuzsa"]
[Result "1/2-1/2"]
[WhiteElo "2335"]
[BlackElo "2320"]
[EventDate "1991.11.??"]
[PlyCount "32"]

1.d4 Nf6 2.Nf3 g6 3.c4 Bg7 4.Nc3 d5 5.cxd5 Nxd5 6.e4 Nxc3 7.bxc3 c5 8.Be3 
Qa5 9.Qd2 Nc6 10.Rb1 cxd4 11.cxd4 Qxd2+ 12.Kxd2 O-O 13.Bb5 f5 14.exf5 Bxf5
15.Bd3 Bxd3 16.Kxd3 b6 1/2-1/2

[Event "interzonal (w)"]
[Site "Subotica YUG"]
[Date "1991.??.??"]
[Round "6"]
[White "Botsari, Anna-Maria"]
[Black "Madl, Ildiko"]
[Result "1/2-1/2"]
[WhiteElo "2285"]
[BlackElo "2380"]
[EventDate "1991.11.??"]
[PlyCount "76"]

1.d4 Nf6 2.c4 e6 3.Nc3 Bb4 4.Qc2 O-O 5.a3 Bxc3+ 6.Qxc3 b6 7.Bg5 Bb7 8.f3 
c5 9.dxc5 bxc5 10.e3 Nc6 11.Nh3 h6 12.Bxf6 Qxf6 13.Qxf6 gxf6 14.Nf4 Rfd8 
15.Rd1 Kf8 16.Kf2 Ke7 17.Be2 a5 18.h4 Ba6 19.Rd2 Rab8 20.Rc1 Rb6 21.Nd3 d6
22.Bd1 Nb8 23.b3 Nc6 24.Nb2 Rb7 25.Na4 Na7 26.Bc2 Nc8 27.Rcd1 Rc7 28.g4 
Bb7 29.Bb1 Rcd7 30.Nc3 Nb6 31.a4 Bc6 32.Be4 d5 33.cxd5 exd5 34.Bf5 Rb7 35.
Bd3 Rbd7 36.Bf5 Rb7 37.Bd3 Rbd7 38.Bf5 Rb7 1/2-1/2

[Event "interzonal (w)"]
[Site "Subotica YUG"]
[Date "1991.??.??"]
[Round "6"]
[White "Foisor, Cristina"]
[Black "Veroci-Petronic, Zsuzsa"]
[Result "1/2-1/2"]
[WhiteElo "2350"]
[BlackElo "2320"]
[EventDate "1991.11.??"]
[PlyCount "91"]

1.c4 g6 2.g3 Bg7 3.Bg2 Nc6 4.Nc3 e5 5.Rb1 a5 6.a3 d6 7.b4 axb4 8.axb4 Nf6 
9.d3 O-O 10.Nf3 h6 11.O-O Be6 12.Nd2 d5 13.b5 Nd4 14.e3 Nf5 15.cxd5 Bd7 
16.Nc4 Re8 17.Qb3 h5 18.Bb2 h4 19.Ra1 Rb8 20.b6 c6 21.Ra5 hxg3 22.hxg3 Ng4
23.Ne4 cxd5 24.Rxd5 Ne7 25.Rc5 Nc6 26.Ned6 Rf8 27.Bd5 Qf6 28.f3 Nh6 29.Ne4
Qe7 30.Ba3 Qd8 31.Ncd6 Ne7 32.Nxb7 Rxb7 33.Bxb7 Be6 34.Qc2 Qxb6 35.Rb1 Qa7
36.Bc1 Nef5 37.g4 Nh4 38.Qf2 Nxf3+ 39.Qxf3 f5 40.Rc7 fxe4 41.Qxe4 Qa5 42.
Rxg7+ Kxg7 43.Ba3 Rf7 44.Bb4 Qc7 45.Qc6 Qxc6 46.Bxc6 1/2-1/2

[Event "interzonal (w)"]
[Site "Subotica YUG"]
[Date "1991.??.??"]
[Round "6"]
[White "Kachiani, Ketino"]
[Black "Levitina, Irina"]
[Result "0-1"]
[WhiteElo "2345"]
[BlackElo "2370"]
[EventDate "1991.11.??"]
[PlyCount "78"]

1.d4 Nf6 2.c4 g6 3.Nc3 Bg7 4.e4 d6 5.Be2 O-O 6.g4 c5 7.d5 e6 8.g5 Ne8 9.h4
exd5 10.cxd5 Qe7 11.Qd3 f5 12.gxf6 Nxf6 13.h5 gxh5 14.Bg5 Qf7 15.f3 a6 16.
a4 Nbd7 17.f4 h6 18.Bh4 Re8 19.Nf3 Ng4 20.f5 c4 21.Qb1 Nc5 22.Nd2 Bxf5 23.
Rf1 Bxc3 24.bxc3 Nxe4 25.Nxe4 Rxe4 26.Qxe4 Bxe4 27.Rxf7 Kxf7 28.Kd2 Bxd5 
29.Rf1+ Ke6 30.Bxg4+ hxg4 31.Rf6+ Kd7 32.Rxh6 Re8 33.a5 Bf3 34.Rh7+ Kc6 
35.Bg3 Re2+ 36.Kc1 Rg2 37.Bf4 g3 38.Rh6 Rg1+ 39.Kd2 Rd1+ 0-1

[Event "interzonal (w)"]
[Site "Subotica YUG"]
[Date "1991.??.??"]
[Round "6"]
[White "Vuksanovic, Sanja"]
[Black "Ioseliani, Nana"]
[Result "0-1"]
[WhiteElo "2150"]
[BlackElo "2470"]
[EventDate "1991.11.??"]
[PlyCount "93"]

1.e4 c5 2.Nf3 Nc6 3.d4 cxd4 4.Nxd4 Nf6 5.Nc3 d6 6.f4 g6 7.Nxc6 bxc6 8.e5 
dxe5 9.Qxd8+ Kxd8 10.fxe5 Nd5 11.Bd2 Bg7 12.O-O-O Bxe5 13.Nxd5 cxd5 14.
Ba5+ Ke8 15.Rxd5 Bf4+ 16.Kb1 Be6 17.Rd1 f6 18.Bb5+ Kf7 19.Bd7 Be5 20.Rhe1 
Bxd7 21.Rxd7 Rhe8 22.h3 g5 23.c4 h5 24.Kc2 g4 25.hxg4 hxg4 26.b4 Bg3 27.
Re2 Rac8 28.Kd3 Bb8 29.b5 f5 30.Kd4 Bd6 31.Kc3 f4 32.Bb4 Rc7 33.Rxc7 Bxc7 
34.Bc5 e5 35.Kd3 Bb8 36.Ke4 Ke6 37.Bg1 Rf8 38.Rf2 Rd8 39.Rc2 Rd1 40.Bf2 g3
41.Bc5 Re1+ 42.Kd3 e4+ 43.Kd2 Rh1 44.Rc1 e3+ 45.Kc2 Rxc1+ 46.Kxc1 f3 47.
Kd1 0-1

[Event "interzonal (w)"]
[Site "Subotica YUG"]
[Date "1991.??.??"]
[Round "6"]
[White "MacArthur, Beatriz"]
[Black "Bojkovic, Natasa"]
[Result "1-0"]
[WhiteElo "2185"]
[BlackElo "2340"]
[EventDate "1991.11.??"]
[PlyCount "123"]

1.e4 c5 2.Nf3 e6 3.d4 cxd4 4.Nxd4 Nf6 5.Nc3 Nc6 6.Be3 Bb4 7.Nxc6 bxc6 8.
Bd3 d5 9.exd5 cxd5 10.O-O O-O 11.Bd4 Bd6 12.f4 a5 13.Qf3 Ba6 14.Nb5 Bxb5 
15.Bxb5 Qe7 16.Kh1 Bc5 17.Bxc5 Qxc5 18.Bd3 Rab8 19.b3 d4 20.a4 g6 21.Rae1 
Nd5 22.Re5 Qc7 23.Rf2 Ne3 24.g4 Rbd8 25.h3 Rd5 26.Rxd5 exd5 27.f5 Re8 28.
fxg6 fxg6 29.Bb5 Rd8 30.Qf6 Qd6 31.Qf7+ Kh8 32.Bd3 Rc8 33.g5 Qc7 34.Qf6+ 
Qg7 35.Qd6 Re8 36.Rf6 Qe7 37.Qxe7 Rxe7 38.Rf4 Rc7 39.Rxd4 Nxc2 40.Rxd5 Nb4
41.Rd8+ Kg7 42.Bc4 h6 43.gxh6+ Kxh6 44.Kg2 Kg5 45.Kg3 Kf6 46.Kf4 Rc5 47.
Rd6+ Kg7 48.Re6 Nc6 49.Ke4 Kh6 50.Rd6 Nb4 51.Rd8 Rc7 52.Ra8 Re7+ 53.Kf4 
Nc6 54.Bd5 Na7 55.Rh8+ Kg7 56.Rb8 Kf6 57.Rb6+ Kg7 58.Rb7 Nc8 59.Rb5 Ra7 
60.Kg5 Ne7 61.Be4 Ra6 62.Bb7 1-0

[Event "interzonal (w)"]
[Site "Subotica YUG"]
[Date "1991.??.??"]
[Round "6"]
[White "Maric, Mirjana"]
[Black "Jahn, Constanze"]
[Result "1/2-1/2"]
[WhiteElo "2250"]
[BlackElo "2175"]
[EventDate "1991.11.??"]
[PlyCount "41"]

1.e4 c5 2.Nf3 e6 3.d4 cxd4 4.Nxd4 a6 5.Bd3 Bc5 6.Nb3 Ba7 7.Nc3 Nc6 8.Qe2 
d6 9.Be3 b5 10.f4 b4 11.Nd1 Nge7 12.O-O O-O 13.Kh1 Bxe3 14.Nxe3 d5 15.exd5
Nxd5 16.Nxd5 exd5 17.Qh5 g6 18.Qh6 f5 19.Nd2 Qf6 20.b3 Nd4 21.Rae1 1/2-1/2

[Event "interzonal (w)"]
[Site "Subotica YUG"]
[Date "1991.??.??"]
[Round "6"]
[White "Markovic-Jovanovic, Gordana"]
[Black "Amura, Claudia"]
[Result "0-1"]
[WhiteElo "2260"]
[BlackElo "2405"]
[EventDate "1991.11.??"]
[PlyCount "73"]

1.e4 d6 2.d4 Nf6 3.Bd3 e5 4.c3 Nc6 5.Nf3 g6 6.h3 Bg7 7.Be3 O-O 8.dxe5 Nxe5
9.Nxe5 dxe5 10.Na3 Qe7 11.Qf3 Nd7 12.O-O-O a5 13.g4 Nc5 14.Be2 Be6 15.Kb1 
c6 16.h4 b5 17.Rc1 Na4 18.h5 Rfb8 19.hxg6 fxg6 20.Qh3 Bf8 21.Ka1 Qf7 22.f4
Bxa2 23.fxe5 Rb7 24.Bd1 Be6 25.Nb1 Nc5 26.Rf1 Qe7 27.Bd4 a4 28.Bxc5 Qxc5 
29.Nd2 b4 30.Rf6 Qxe5 31.Rxe6 Qxe6 32.Be2 Kh8 33.Bc4 Qf6 34.Nf3 bxc3 35.
bxc3 Qd6 36.Qg2 Qa3+ 37.Ba2 0-1

[Event "interzonal (w)"]
[Site "Subotica YUG"]
[Date "1991.??.??"]
[Round "6"]
[White "Nutu-Gajic, Daniela"]
[Black "Basagic, Vesna"]
[Result "1/2-1/2"]
[WhiteElo "2310"]
[BlackElo "2305"]
[EventDate "1991.11.??"]
[PlyCount "87"]

1.d4 d5 2.c4 e6 3.Nf3 Nf6 4.e3 c5 5.a3 Ne4 6.dxc5 Bxc5 7.Bd3 O-O 8.Qc2 f5 
9.O-O Qf6 10.Nbd2 Bd6 11.cxd5 exd5 12.Qb3 Be6 13.Qxb7 Nd7 14.Qc6 Rac8 15.
Qa4 Ndc5 16.Qd4 Qh6 17.Bc2 Nxd2 18.Bxd2 Ne4 19.Bc3 Ng5 20.Rfd1 Nxf3+ 21.
gxf3 Rc4 22.Qxa7 Bxh2+ 23.Kf1 Bb8 24.Qe7 Rc7 25.Qb4 f4 26.Ke2 fxe3 27.Rh1 
Bh3 28.fxe3 Ba7 29.f4 Qe6 30.Bxh7+ Kxh7 31.Rxh3+ Qxh3 32.Qxf8 Qxe3+ 33.Kd1
Qd3+ 34.Ke1 Bc5 35.Qb8 Re7+ 36.Be5 Qe3+ 37.Kd1 Qg1+ 38.Kc2 Qxa1 39.Qc8 Qg1
40.Qh3+ Kg6 41.Qd3+ Kf7 42.Qf5+ Kg8 43.Qc8+ Kh7 44.Qh3+ 1/2-1/2

[Event "interzonal (w)"]
[Site "Subotica YUG"]
[Date "1991.??.??"]
[Round "6"]
[White "Paasikangas, Johanna"]
[Black "Chidi, Sylvia"]
[Result "1-0"]
[WhiteElo "2130"]
[BlackElo "2005"]
[EventDate "1991.11.??"]
[PlyCount "141"]

1.d4 Nf6 2.c4 e5 3.dxe5 Ng4 4.Bf4 Nc6 5.Nf3 Bb4+ 6.Nc3 Qe7 7.Qd5 f6 8.exf6
Bxc3+ 9.bxc3 Nxf6 10.Qd3 d6 11.e3 Qe4 12.Qd2 Bf5 13.Nd4 O-O 14.f3 Qe8 15.
Nxf5 Nh5 16.Qd5+ Kh8 17.Kf2 Qd7 18.Bd3 Rae8 19.g3 Ne5 20.Bxe5 Rxe5 21.Qxb7
Rexf5 22.Bxf5 Qxf5 23.Rac1 Qa5 24.Rc2 Nf6 25.Qb5 Qa3 26.Ke2 a6 27.Qb4 Qxb4
28.cxb4 Rb8 29.Rb1 Kg8 30.b5 Nd7 31.Rcb2 a5 32.e4 Kf7 33.Ke3 Ke6 34.Kd4 
Rb6 35.f4 g6 36.g4 Rb8 37.h4 Rb6 38.f5+ Kf6 39.g5+ Kg7 40.fxg6 hxg6 41.Rf2
Rb8 42.a4 Re8 43.Rbf1 Re7 44.Rf6 Nc5 45.R1f4 Nxa4 46.h5 gxh5 47.g6 Nc5 48.
Ke3 Ne6 49.Rf1 Ng5 50.R6f4 Kxg6 51.Rg1 Re5 52.Kd3 Kg7 53.Rf5 Rxf5 54.exf5 
Kf6 55.Rh1 Kxf5 56.Rxh5 Kf6 57.Rh2 Ne6 58.Ra2 a4 59.Kc3 Nc5 60.Kb4 Ke6 61.
Rh2 Kd7 62.Rh8 Ke7 63.Kc3 Ke6 64.Rh7 d5 65.Rxc7 Nd7 66.c5 a3 67.c6 Nc5 68.
Ra7 Kd6 69.c7 Kd7 70.b6 Kc8 71.Ra8+ 1-0

[Event "interzonal (w)"]
[Site "Subotica YUG"]
[Date "1991.??.??"]
[Round "6"]
[White "Peng Zhaoqin"]
[Black "Wang Pin"]
[Result "1/2-1/2"]
[WhiteElo "2375"]
[BlackElo "2220"]
[EventDate "1991.11.??"]
[PlyCount "122"]

1.d4 Nf6 2.c4 g6 3.Nc3 Bg7 4.e4 d6 5.Nf3 O-O 6.Be2 e5 7.O-O Nc6 8.d5 Ne7 
9.b4 Nh5 10.c5 f5 11.Qb3 h6 12.exf5 Nxf5 13.Ne4 Nf4 14.Bxf4 exf4 15.Rac1 
Qe7 16.Bd3 Nh4 17.Ned2 Nxf3+ 18.Nxf3 Qf6 19.h3 g5 20.Bb1 h5 21.Qd3 Bf5 22.
Qxf5 Qxf5 23.Bxf5 Rxf5 24.Rfd1 g4 25.Nh4 Rf7 26.cxd6 cxd6 27.Re1 Be5 28.
hxg4 hxg4 29.Ng6 Re8 30.Rc4 g3 31.Nxe5 gxf2+ 32.Kxf2 dxe5 33.Kf3 Rd7 34.
Ke4 Kg7 35.Rd1 Kf6 36.Rc3 Rg8 37.Rd2 Rg4 38.Rc8 f3+ 39.Kxf3 Rxb4 40.Re8 a5
41.Ke3 Rf4 42.g3 Rg4 43.Re6+ Kf7 44.Rf2+ Kg7 45.Rxe5 Rxg3+ 46.Kd4 Rg1 47.
Rd2 Kf7 48.Rf2+ Kg7 49.Rd2 Kf7 50.Kc5 Rc1+ 51.Kb5 Rb1+ 52.Kc5 Rc1+ 53.Kb6 
Rb1+ 54.Ka7 Rb5 55.a4 Rb4 56.Kb8 Rc4 57.Rf2+ Kg6 58.Rg2+ Kf6 59.Re6+ Kf5 
60.Rf2+ Rf4 61.Rxf4+ Kxf4 1/2-1/2

[Event "interzonal (w)"]
[Site "Subotica YUG"]
[Date "1991.??.??"]
[Round "6"]
[White "Qin Kanying"]
[Black "Matveeva, Svetlana"]
[Result "0-1"]
[WhiteElo "2265"]
[BlackElo "2325"]
[EventDate "1991.11.??"]
[PlyCount "82"]

1.e4 c5 2.Nf3 d6 3.d4 Nf6 4.Nc3 cxd4 5.Nxd4 g6 6.Be3 Bg7 7.Be2 Nc6 8.Nb3 
O-O 9.O-O Be6 10.f4 Qc8 11.Kh1 Rd8 12.Bg1 d5 13.e5 Ne4 14.Nb5 g5 15.fxg5 
Nxe5 16.N3d4 Bd7 17.Nc3 Nxc3 18.bxc3 Qxc3 19.Rb1 Qc7 20.Nf3 Bf5 21.Nxe5 
Bxc2 22.Qd2 Bxb1 23.Nxf7 Bg6 24.Nxd8 Rxd8 25.Bg4 e5 26.h4 Qc4 27.Qd1 d4 
28.h5 Bc2 29.Be6+ Qxe6 30.Qxc2 Qc6 31.Qb3+ Qd5 32.Qg3 Rf8 33.Rf6 Kh8 34.
Rxf8+ Bxf8 35.Bh2 d3 36.Qe1 d2 37.Bxe5+ Kg8 38.Qd1 Qxe5 39.Qxd2 Bd6 40.Kg1
Qh2+ 41.Kf1 Qf4+ 0-1

[Event "interzonal (w)"]
[Site "Subotica YUG"]
[Date "1991.??.??"]
[Round "6"]
[White "Sofieva, Ainur"]
[Black "Koskela, Niina"]
[Result "1-0"]
[WhiteElo "2390"]
[BlackElo "2110"]
[EventDate "1991.11.??"]
[PlyCount "99"]

1.Nf3 Nf6 2.g3 g6 3.Bg2 Bg7 4.O-O O-O 5.d3 d5 6.Nbd2 c5 7.e4 e6 8.Re1 Nc6 
9.c3 Qc7 10.a3 b6 11.e5 Nd7 12.d4 Ba6 13.b4 cxb4 14.cxb4 Rac8 15.Qb3 Bc4 
16.Qb2 b5 17.Nf1 a5 18.Ne3 axb4 19.axb4 Ra8 20.Bd2 Rxa1 21.Rxa1 Nb6 22.Ng4
Na4 23.Qc1 f5 24.exf6 Bxf6 25.Bf4 Qe7 26.Nxf6+ Qxf6 27.Qd2 Re8 28.Re1 Qf5 
29.Ng5 h6 30.Bh3 Qd3 31.Nxe6 Qxd2 32.Bxd2 g5 33.f4 gxf4 34.gxf4 Kf7 35.f5 
Rg8+ 36.Kf2 Nb2 37.Kf3 Nd3 38.Ra1 Ndxb4 39.Bxb4 Nxb4 40.Ra7+ Kf6 41.Rh7 
Nc6 42.Rxh6+ Kf7 43.Kf4 Nd8 44.Ng5+ Ke8 45.f6 Nf7 46.Bd7+ Kxd7 47.Nxf7 b4 
48.Ne5+ Kc8 49.f7 Rf8 50.Rg6 1-0

[Event "interzonal (w)"]
[Site "Subotica YUG"]
[Date "1991.??.??"]
[Round "7"]
[White "Amura, Claudia"]
[Black "Csonkics, Tunde"]
[Result "1/2-1/2"]
[WhiteElo "2405"]
[BlackElo "2320"]
[EventDate "1991.11.??"]
[PlyCount "62"]

1.d4 Nf6 2.c4 e6 3.Nc3 Bb4 4.Qc2 O-O 5.Bg5 c5 6.dxc5 Na6 7.a3 Bxc3+ 8.Qxc3
Nxc5 9.f3 Nfe4 10.Bxd8 Nxc3 11.Be7 Nb3 12.Bxf8 Kxf8 13.Rd1 Nxd1 14.Kxd1 b6
15.Kc2 Na5 16.b3 d5 17.cxd5 exd5 18.e4 dxe4 19.b4 Nc6 20.fxe4 Bb7 21.Nf3 
Rc8 22.Kb2 Re8 23.Bd3 Ne5 24.Nxe5 Rxe5 25.Kc3 Bxe4 26.Re1 f5 27.Bxe4 fxe4 
28.Kd4 Rg5 29.g3 Rh5 30.h4 Rf5 31.Kxe4 Rf2 1/2-1/2

[Event "interzonal (w)"]
[Site "Subotica YUG"]
[Date "1991.??.??"]
[Round "7"]
[White "Bojkovic, Natasa"]
[Black "Litinskaya, Marta"]
[Result "1/2-1/2"]
[WhiteElo "2340"]
[BlackElo "2370"]
[EventDate "1991.11.??"]
[PlyCount "58"]

1.e4 e5 2.Nf3 Nc6 3.Bb5 Nf6 4.O-O Nxe4 5.d4 Nd6 6.Bxc6 dxc6 7.dxe5 Nf5 8.
Qxd8+ Kxd8 9.Nc3 h6 10.b3 Be6 11.Rd1+ Ke8 12.Ne2 Rd8 13.Bb2 Be7 14.Nf4 Bd5
15.Nxd5 cxd5 16.g4 Nh4 17.Nxh4 Bxh4 18.f4 Be7 19.Kg2 h5 20.h3 hxg4 21.hxg4
Rh4 22.Kg3 g6 23.Rh1 Rxh1 24.Rxh1 Kd7 25.Kf3 Rg8 26.Rh7 Ke6 27.Rh6 Kd7 28.
Rh7 Ke6 29.Rh6 Kd7 1/2-1/2

[Event "interzonal (w)"]
[Site "Subotica YUG"]
[Date "1991.??.??"]
[Round "7"]
[White "Chelushkina, Irina"]
[Black "MacArthur, Beatriz"]
[Result "1-0"]
[WhiteElo "2305"]
[BlackElo "2185"]
[EventDate "1991.11.??"]
[PlyCount "107"]

1.g3 d6 2.d4 Nf6 3.Bg2 g6 4.e4 Nbd7 5.Ne2 Bg7 6.O-O O-O 7.Nbc3 e5 8.h3 
exd4 9.Nxd4 Re8 10.Re1 a5 11.a3 Nc5 12.Rb1 Bd7 13.Nb3 Nxb3 14.cxb3 Bc6 15.
b4 axb4 16.axb4 Bd7 17.Be3 Be6 18.Rc1 Nd7 19.Bd4 Bb3 20.Qd2 Ne5 21.Nd5 c6 
22.Bb6 Qd7 23.Nc7 Nc4 24.Rxc4 Bxc4 25.Nxa8 Rxa8 26.Bd4 Be6 27.Bxg7 Kxg7 
28.h4 Qe7 29.h5 gxh5 30.e5 d5 31.f4 Bf5 32.Qc3 Qe6 33.Bf3 h4 34.gxh4 Kh6 
35.Kf2 Rg8 36.Rg1 Rxg1 37.Kxg1 Kg7 38.Qd4 Kf8 39.Kf2 Qe7 40.Qc5 Ke8 41.
Qxe7+ Kxe7 42.Ke3 f6 43.Kd4 Ke6 44.b5 fxe5+ 45.fxe5 h6 46.b4 Bh3 47.b6 Bf5
48.Be2 Kd7 49.Kc5 Ke7 50.b5 Bd7 51.bxc6 Bxc6 52.Bg4 Kf7 53.Bf3 Ke6 54.Kd4 
1-0

[Event "interzonal (w)"]
[Site "Subotica YUG"]
[Date "1991.??.??"]
[Round "7"]
[White "Demina, Yulia"]
[Black "Peng Zhaoqin"]
[Result "1/2-1/2"]
[WhiteElo "2370"]
[BlackElo "2375"]
[EventDate "1991.11.??"]
[PlyCount "91"]

1.d4 Nf6 2.g3 g6 3.Bg2 Bg7 4.e4 d6 5.Nc3 O-O 6.Nge2 e5 7.h3 Nbd7 8.O-O c6 
9.a4 Re8 10.Be3 Qe7 11.Re1 exd4 12.Nxd4 Nc5 13.Qd2 Bd7 14.Bh6 Bh8 15.Rad1 
Rad8 16.a5 Bc8 17.b4 Ne6 18.Nf5 gxf5 19.exf5 d5 20.fxe6 fxe6 21.Qg5+ Kf7 
22.Qh4 e5 23.Ne2 Bf5 24.c3 Ne4 25.Qxe7+ Rxe7 26.Be3 a6 27.f3 Nd6 28.Bc5 
Ree8 29.Kf2 Nc4 30.Ra1 Nb2 31.Nc1 e4 32.Bd4 exf3 33.Rxe8 Rxe8 34.Bxf3 
Bxd4+ 35.cxd4 Be4 36.Bh5+ Bg6 37.Bf3 Re7 38.Ra2 Nc4 39.Re2 Na3 40.Rxe7+ 
Kxe7 41.Bd1 Bc2 42.Bg4 Nc4 43.Na2 Kf6 44.h4 Nd6 45.Nc3 Bf5 46.Be2 1/2-1/2

[Event "interzonal (w)"]
[Site "Subotica YUG"]
[Date "1991.??.??"]
[Round "7"]
[White "Jackson, Sheila"]
[Black "Sofieva, Ainur"]
[Result "0-1"]
[WhiteElo "2190"]
[BlackElo "2390"]
[EventDate "1991.11.??"]
[PlyCount "162"]

1.e4 e5 2.Nf3 Nc6 3.Bb5 a6 4.Ba4 Nf6 5.O-O Be7 6.Re1 b5 7.Bb3 d6 8.c3 O-O 
9.h3 Na5 10.Bc2 c5 11.d4 Qc7 12.Nbd2 cxd4 13.cxd4 Nc6 14.d5 Nb4 15.Bb1 a5 
16.Nf1 Bd7 17.a3 Na6 18.Bd2 a4 19.Bc2 Rfc8 20.Bc3 Qb8 21.Ng3 Bd8 22.Qd2 
Nc5 23.Rac1 Nb7 24.Bb4 Ne8 25.Bd3 Na5 26.Rxc8 Bxc8 27.Qe2 Bd7 28.Nd2 g6 
29.Rc1 Qb6 30.Ngf1 Rb8 31.Ne3 Nc7 32.Ng4 h5 33.Nh2 Na6 34.Qe3 Qxe3 35.fxe3
Bb6 36.Kf2 Nc5 37.Ke2 Rf8 38.Nhf3 Nab7 39.Rc2 f6 40.Rc3 Ba5 41.Ne1 Bb6 42.
b3 f5 43.bxa4 Nxa4 44.Rc1 f4 45.exf4 Rxf4 46.Ndf3 g5 47.Bd2 g4 48.Bxf4 
gxf3+ 49.Kxf3 exf4 50.Kxf4 Bd4 51.Rc7 Nbc5 52.Rxd7 Nxd7 53.Bxb5 Nac5 54.
Nf3 Bc3 55.g4 hxg4 56.hxg4 Nf6 57.e5 Nxd5+ 58.Kf5 Ne7+ 59.Kf6 Kf8 60.a4 d5
61.g5 d4 62.a5 Nd5+ 63.Kf5 Nc7 64.Bc4 d3 65.a6 N7xa6 66.Kf4 d2 67.Be2 Nb4 
68.Nxd2 Bxd2+ 69.Kf5 Nc6 70.Bc4 Ne7+ 71.Kg4 Kg7 72.Kh5 Ng6 73.e6 Nf4+ 74.
Kg4 Nfxe6 75.Kf5 Nxg5 76.Ke5 Kf8 77.Kd5 Be3 78.Ke5 Ke7 79.Kd5 Nge4 80.Bf1 
Nf6+ 81.Kc4 Kd6 0-1

[Event "interzonal (w)"]
[Site "Subotica YUG"]
[Date "1991.??.??"]
[Round "7"]
[White "Jahn, Constanze"]
[Black "Markovic-Jovanovic, Gordana"]
[Result "0-1"]
[WhiteElo "2175"]
[BlackElo "2260"]
[EventDate "1991.11.??"]
[PlyCount "76"]

1.e4 e5 2.Nf3 Nc6 3.c3 Nf6 4.d4 Nxe4 5.d5 Ne7 6.Nxe5 Ng6 7.Nxg6 hxg6 8.Qe2
Qe7 9.Bf4 d6 10.Na3 Bd7 11.O-O-O Nc5 12.Nb5 Qxe2 13.Bxe2 Kd8 14.h3 Be7 15.
Nd4 a5 16.g4 Ne4 17.Be3 Bh4 18.Rh2 Re8 19.Nf3 Bf6 20.g5 Be7 21.Bd3 Nc5 22.
Bc2 Rh8 23.Bd4 Rh7 24.Rg1 c6 25.Bxc5 dxc5 26.Ne5 Be8 27.dxc6 bxc6 28.f4 
Kc7 29.Re2 Bd6 30.f5 Rxh3 31.fxg6 fxg6 32.Nxg6 Bf7 33.Rf2 Bxa2 34.b3 c4 
35.Rf7+ Kb6 36.Kb2 cxb3 37.Bxb3 Rh2+ 38.Bc2 Bxf7 0-1

[Event "interzonal (w)"]
[Site "Subotica YUG"]
[Date "1991.??.??"]
[Round "7"]
[White "Kachiani, Ketino"]
[Black "Nutu-Gajic, Daniela"]
[Result "0-1"]
[WhiteElo "2345"]
[BlackElo "2310"]
[EventDate "1991.11.??"]
[PlyCount "94"]

1.d4 Nf6 2.c4 e6 3.g3 c5 4.d5 exd5 5.cxd5 d6 6.Nc3 g6 7.Bg2 Bg7 8.Nf3 O-O 
9.O-O Re8 10.Nd2 a6 11.a4 Nbd7 12.Qb3 Rb8 13.Nc4 Ne5 14.Nb6 Nfd7 15.Nxc8 
Qxc8 16.h3 c4 17.Qa2 f5 18.a5 Nf7 19.Rd1 b5 20.axb6 Rxb6 21.Bf1 Nc5 22.
Qxc4 Qb8 23.e3 Ne5 24.Qe2 Rb4 25.Rxa6 Nxa6 26.Qxa6 Nd7 27.Bb5 Nc5 28.Qa5 
Bxc3 29.Bxe8 Rd4 30.exd4 Bxa5 31.dxc5 Qxe8 32.Be3 Qa4 33.Rc1 dxc5 34.d6 
Bb4 35.Kh2 Qd7 36.Rd1 Kf7 37.h4 Ke6 38.b3 h5 39.Bf4 Ba5 40.Rd3 Qb5 41.Re3+
Kd7 42.Re7+ Kc6 43.Ra7 Bd8 44.Ra8 Qb6 45.Be3 Kb7 46.Ra2 Qxb3 47.Rd2 c4 0-1

[Event "interzonal (w)"]
[Site "Subotica YUG"]
[Date "1991.??.??"]
[Round "7"]
[White "Madl, Ildiko"]
[Black "Foisor, Cristina"]
[Result "0-1"]
[WhiteElo "2380"]
[BlackElo "2350"]
[EventDate "1991.11.??"]
[PlyCount "36"]

1.e4 e6 2.d4 d5 3.Nc3 Nc6 4.Nf3 Nf6 5.e5 Ne4 6.a3 Be7 7.Bd3 Nxc3 8.bxc3 
Na5 9.Qe2 Bd7 10.O-O c5 11.dxc5 Qc7 12.a4 Bxc5 13.Nd4 a6 14.Bd2 Nc4 15.
Bxc4 dxc4 16.Qxc4 Qxe5 17.Nf3 Qc7 18.Bf4 Bxf2+ 0-1

[Event "interzonal (w)"]
[Site "Subotica YUG"]
[Date "1991.??.??"]
[Round "7"]
[White "Maksimovic, Suzana"]
[Black "Maric, Mirjana"]
[Result "0-1"]
[WhiteElo "2290"]
[BlackElo "2250"]
[EventDate "1991.11.??"]
[PlyCount "124"]

1.d4 Nf6 2.c4 e6 3.Nc3 Bb4 4.e3 c5 5.Bd3 d5 6.Nf3 cxd4 7.exd4 dxc4 8.Bxc4 
O-O 9.O-O b6 10.Bg5 Bb7 11.Rc1 Nbd7 12.a3 Bxc3 13.Rxc3 Qb8 14.Qc1 Qd6 15.
Bf4 Qe7 16.Ne5 Ne4 17.Rc2 Rac8 18.Re1 Ndf6 19.f3 Nd6 20.Bd3 Rxc2 21.Qxc2 
Rc8 22.Qf2 Nd5 23.Bd2 Qd8 24.Qg3 Nf5 25.Qh3 Nf4 26.Bxf4 Qxd4+ 27.Be3 Nxe3 
28.Qxh7+ Kf8 29.Kh1 Qxe5 30.Qh8+ Ke7 31.Qh4+ g5 32.Qb4+ Qc5 33.Qd2 Nd5 34.
Qxg5+ Nf6 35.Qg3 Qd6 36.Qxd6+ Kxd6 37.Kg1 Bd5 38.Kf2 Rc5 39.g4 Bc4 40.Bb1 
Nd5 41.h4 Nf4 42.Rd1+ Ke7 43.h5 Bb3 44.Rh1 Bc2 45.Ba2 Nd3+ 46.Kg3 Nxb2 47.
h6 Bh7 48.Bb1 Bxb1 49.Rxb1 Nd3 50.Rb5 Rc8 51.a4 Kf6 52.a5 Rc5 53.Rb3 Nc1 
54.Rb2 bxa5 55.Rb7 Kg6 56.Rxa7 Nb3 57.f4 Kxh6 58.Rxf7 a4 59.g5+ Kg6 60.
Rf6+ Kg7 61.Rxe6 a3 62.Re2 Ra5 0-1

[Event "interzonal (w)"]
[Site "Subotica YUG"]
[Date "1991.??.??"]
[Round "7"]
[White "Matveeva, Svetlana"]
[Black "Arakhamia, Ketevan"]
[Result "0-1"]
[WhiteElo "2325"]
[BlackElo "2440"]
[EventDate "1991.11.??"]
[PlyCount "56"]

1.d4 Nf6 2.c4 g6 3.Nc3 Bg7 4.e4 d6 5.g3 c5 6.d5 O-O 7.Bg2 e6 8.Nge2 exd5 
9.cxd5 Re8 10.Qc2 Na6 11.a3 Rb8 12.Rb1 b5 13.b4 Qc7 14.Qb3 Bd7 15.h3 cxb4 
16.axb4 Nxb4 17.Qxb4 a5 18.Qb3 b4 19.Na4 Nxe4 20.Be3 Bb5 21.Rc1 Qd7 22.Rc6
Qf5 23.g4 Qf6 24.Qd1 Nxf2 25.Bxf2 Rxe2+ 26.Qxe2 Bxe2 27.Nc5 Bb5 28.Ne4 Qb2
0-1

[Event "interzonal (w)"]
[Site "Subotica YUG"]
[Date "1991.??.??"]
[Round "7"]
[White "Basagic, Vesna"]
[Black "Paasikangas, Johanna"]
[Result "1-0"]
[WhiteElo "2305"]
[BlackElo "2130"]
[EventDate "1991.11.??"]
[PlyCount "43"]

1.d4 Nf6 2.c4 g6 3.Nc3 Bg7 4.e4 d6 5.Nf3 O-O 6.Be2 e5 7.d5 Ne8 8.O-O f5 9.
exf5 gxf5 10.Ng5 Qf6 11.f4 h6 12.fxe5 dxe5 13.Nge4 Qb6+ 14.Nf2 Nd7 15.Kh1 
Ndf6 16.Nd3 Qd6 17.Be3 f4 18.Bc5 Qd7 19.Bxf8 Bxf8 20.Nxe5 Qf5 21.Nd3 Bd6 
22.c5 1-0

[Event "interzonal (w)"]
[Site "Subotica YUG"]
[Date "1991.??.??"]
[Round "7"]
[White "Koskela, Niina"]
[Black "Chidi, Sylvia"]
[Result "1-0"]
[WhiteElo "2110"]
[BlackElo "2005"]
[EventDate "1991.11.??"]
[PlyCount "63"]

1.e4 e6 2.d3 Bc5 3.d4 Bb6 4.Nf3 d5 5.e5 Ne7 6.Bd3 Bd7 7.O-O c5 8.c3 Nbc6 
9.Be3 cxd4 10.cxd4 h6 11.Nc3 a6 12.Qd2 Nf5 13.Bxf5 exf5 14.Nxd5 Ne7 15.
Nxe7 Qxe7 16.d5 Bxe3 17.Qxe3 Qb4 18.a3 Qa5 19.Rfd1 O-O 20.b4 Qa4 21.Nd4 
Rfe8 22.f4 Rac8 23.Rdc1 a5 24.Qb3 axb4 25.Qxa4 Bxa4 26.axb4 Bd7 27.Kf2 Kf8
28.Rc5 Ke7 29.Ra7 Rxc5 30.bxc5 Rb8 31.c6 bxc6 32.Nxc6+ 1-0

[Event "interzonal (w)"]
[Site "Subotica YUG"]
[Date "1991.??.??"]
[Round "7"]
[White "Veroci-Petronic, Zsuzsa"]
[Black "Vuksanovic, Sanja"]
[Result "1/2-1/2"]
[WhiteElo "2320"]
[BlackElo "2150"]
[EventDate "1991.11.??"]
[PlyCount "54"]

1.e4 e6 2.d4 d5 3.exd5 exd5 4.c4 Nf6 5.Nf3 Be7 6.Nc3 O-O 7.Bd3 Bg4 8.c5 b6
9.cxb6 axb6 10.h3 Bh5 11.O-O c6 12.Re1 Kh8 13.Bf5 Na6 14.Bf4 Ne8 15.g4 Bg6
16.Ne5 Nb8 17.Bxg6 fxg6 18.Bg3 Bh4 19.Qd3 Nd6 20.Rad1 Ra7 21.a3 Nf7 22.f4 
Bxg3 23.Qxg3 Rc7 24.Rf1 Nd7 25.f5 gxf5 26.Rxf5 Nfxe5 27.dxe5 Nc5 1/2-1/2